20 Closest Pairs of 1M Cities in different Countries - Statistics

General Stats
  • This quiz has been taken 87 times
  • The average score is 49 of 80
Answer Stats
ANSWER % Correct
Brussels
89%
Brussels
89%
Tijuana
83%
Rotterdam
81%
Rotterdam
81%
Toronto
81%
Mexico
80%
Mexico
80%
United States
80%
United States
80%
United States
80%
Belgium
78%
Belgium
78%
Belgium
78%
Belgium
78%
Canada
78%
France
78%
France
78%
Netherlands
78%
Netherlands
78%
San Diego
78%
Singapore
78%
Singapore
78%
India
77%
India
77%
India
77%
Damascus
73%
Kinshasa
73%
Pakistan
73%
Pakistan
73%
Pakistan
73%
Amman
72%
Antwerp
72%
Antwerp
72%
Brazzaville
72%
DR Congo
70%
El Paso
70%
Indonesia
70%
Rep. of the Congo
70%
Tel Aviv-Jaffa
70%
Lille
69%
Lille
69%
Syria
69%
Syria
69%
Beirut
67%
Israel
67%
Buffalo
66%
Jordan
66%
Lahore
64%
Lahore
64%
Turkey
64%
Iraq
63%
Iraq
63%
Lebanon
63%
Aleppo
61%
Kuwait
61%
Ciudad Juárez
58%
Iran
58%
Kuwait City
56%
Saudi Arabia
50%
Lagos
48%
Nigeria
48%
Benin
45%
Basra
42%
Basra
42%
Bahrain
38%
Cotonou
33%
Gaziantep
30%
Manama
30%
Dammam
28%
Amritsar
23%
Amritsar
23%
Conakry
19%
Freetown
19%
Guinea
17%
Sierra Leone
17%
Ahvaz
16%
Batam
16%
Gujranwala
14%
Jullundur
3%
No matching quizzes found
Score Distribution
Percent of People with Each Score
Percentile by Number Answered
Your Score History
You have not taken this quiz